banner koha

Plantas medicinais em quintais urbanos de Rio Branco, Acre (Registro n. 298883)

MARC details
000 -LÍDER
fixed length control field 04459nab a2200325 i 4500
003 - CÓDIGO MARC DA AGÊNCIA CATALOGADORA
Campo de controle BR-BrBNA
005 - DATA E HORA DA ÚLTIMA ATUALIZAÇÃO
Campo de controle 20240321110251.0
008 - CAMPO DE TAMANHO FIXO
fixed length control field 240321b2012 bl.qr|pooa||| 00| 0 por |
040 ## - FONTE DA CATALOGAÇÃO
Agência catalogadora BR-BrBNA
Idioma da catalogação por
072 ## - CATEGORIA AGRIS
Código AGRIS F70
072 ## - CATEGORIA AGRIS
Código AGRIS E50
072 ## - CATEGORIA AGRIS
Código AGRIS S01
100 ## - ENTRADA PRINCIPAL - NOME PESSOAL
Nome pessoal Siviero, A.
100 ## - ENTRADA PRINCIPAL - NOME PESSOAL
Nome pessoal Delunardo, T.A.
100 ## - ENTRADA PRINCIPAL - NOME PESSOAL
Nome pessoal Haverroth, M.
100 ## - ENTRADA PRINCIPAL - NOME PESSOAL
Nome pessoal Oliveira, L.C.
100 ## - ENTRADA PRINCIPAL - NOME PESSOAL
Nome pessoal Mendonça, A.M.S.
245 ## - TÍTULO PRINCIPAL
Título principal Plantas medicinais em quintais urbanos de Rio Branco, Acre
500 ## - NOTA GERAL
Nota geral Publicação on-line; 37 ref.; 3 tables; 2 illus.; Summaries (En, Pt)
942 ## - ADDED ENTRY ELEMENTS (KOHA)
Koha item type
520 ## - NOTA DE RESUMO
Nota de conteúdo <br/>RESUMO: <br/><br/>Este trabalho teve como objetivo realizar levantamento das espécies vegetais de uso<br/>medicinal cultivadas em quintais urbanos da cidade de Rio Branco. Foram realizadas entrevistas<br/>presenciais com aplicação de questionário especifico registrando as espécies vegetais de uso<br/>medicinal e dados sócio-econômicos dos moradores em 132 quintais urbanos de Rio Branco<br/>entre 2009 e 2010. Os bairros selecionados para o estudo foram: Aeroporto Velho, Placas, e<br/>Novo Horizonte, todos situados na periferia do município. Foram detectadas 83 espécies vegetais<br/>de uso medicinal pertencente a 50 famílias botânicas com destaque para Lamiaceae (12,0%) e<br/>Asteraceae (6,0%), sendo 66,2% exóticas, e 28,9% e 16,8%, associadas ao uso alimentar e<br/>ornamental, respectivamente. A decocção das folhas visando à obtenção do chá foi o principal<br/>modo de preparo das plantas. A análise de regressão logística entre a riqueza de espécies e<br/>diversos fatores socioeconômicos dos entrevistados mostrou que a probabilidade de ocorrência<br/>de espécies é três vezes maior em quintais manejados por moradores com idade superior a 50<br/>anos de idade. A análise de correlação não paramétrica de fatores quantitativos mostrou que a<br/>variável tempo de moradia está mais correlacionada com a riqueza de plantas medicinais do que<br/>a variável idade. O cultivo das plantas medicinais em quintais urbanos de Rio Branco auxilia no<br/>combate a doenças e promove a conservação ex situ da agrobiodiversidade agroflorestal, bem<br/>estar aos moradores pela melhoria da paisagem, ambiência microclimática e espaço de lazer.<br/><br/>Palavras-chave: diversidade vegetal, fitoterapia, Amazônia, agricultura urbana
520 ## - NOTA DE RESUMO
Nota de conteúdo <br/>ABSTRACT: <br/><br/>Medicinal plants in urban backyards in Rio Branco, Acre. This study aimed to<br/>survey the medicinal plant species grown in urban backyards in the city of Rio Branco. Personal<br/>interviews were conducted by applying a specific questionnaire recording the plant species of<br/>medicinal use and the socioeconomic data of residents in 132 urban backyards in Rio Branco<br/>between 2009 and 2010. The districts selected for the study were “Aeroporto Velho”, “Placas” and<br/>“Novo Horizonte”, all situated on the outskirts of the city. We detected 83 medicinal plant species<br/>belonging to 50 botanical families, especially Lamiaceae (12.0%) and Asteraceae (6.0%), of which<br/>66.2% are exotic, and 28.9% and 16.8% are associated with food and ornamental use, respectively.<br/>Decoction of the leaves in order to obtain tea was the main mode of preparation of these plants.<br/>Logistic regression analysis between species richness and various socioeconomic factors of the<br/>interviewees showed that the probability of occurrence of species is threefold higher in backyards<br/>managed by residents older than 50 years. Nonparametric correlation analysis of quantitative factors<br/>showed that the variable time of residence is more correlated to the richness of medicinal plants<br/>than to the variable age. Cultivation of medicinal plants in urban backyards in Rio Branco helps<br/>prevent diseases and promote ex situ conservation of agroforest agrobiodiversity, welfare to the<br/>residents by improving the landscape, microclimate ambiance and entertainment space.<br/><br/>Key words: plant diversity, phytoterapy, Amazon, urban agriculture<br/>
650 ## - ASSUNTO - THESAGRO
Cabeçalho tópico ou nome geográfico BIODIVERSIDADE
650 ## - ASSUNTO - THESAGRO
Cabeçalho tópico ou nome geográfico FITOTERAPIA
650 ## - ASSUNTO - THESAGRO
Cabeçalho tópico ou nome geográfico AMAZÔNIA
650 ## - ASSUNTO - THESAGRO
Cabeçalho tópico ou nome geográfico AGRICULTURA URBANA
773 0# - ENTRADA ANALÍTICA
Host Biblionumber 3543
Registro do item 313930
Imprenta Botucatu-SP Instituto de Biociências - Departamento de Química e Bioquímica 1998
Outro identificador 2024-0201
Título Revista Brasileira de Plantas Medicinais (Brazil)
ISSN 1516-0572
Colação v. 14(4) p. 598-610; (2012)
Número de controle de registro BR2024000377
856 ## - ACESSO E ENDEREÇO ELETRÔNICO
Identificador uniforme de recurso - URI https://www.scielo.br/j/rbpm/a/GSCK4YCNhVXv5cfZhgy6rbF/?format=pdf&lang=pt

Nenhum exemplar disponível.

BINAGRI

Telefone: (61)3218-2567/2388/3357/2097 - binagri@agro.gov.br

Ministério da Agricultura e Pecuária , Esplanada dos Ministérios, Bloco D, Anexo B, Brasília/DF, CEP: 70.043-900